000 01201cad a22001935a 4500
001 L153314
008 110708s2011 xxk f 000 0 eng d
035 _a(Sirsi) u153314
041 0 _aeng
110 2 _aHM Land Registry
_91247
245 0 0 _aLand Registry annual report and accounts 2010/11
_binnovation
_h[electronic resource]
260 _a[S.l.]
_bLand Registry
_c2011
520 _aLand Registry Annual Report describes how difficult market conditions mean workloads have decreased by 13% but a number of challenging targets have been met including those on speed and accuracy and financial key performance indicators. Notes how the average number of staff has been reduced by 18.7% but this is due to deliver net savings of over £500m. The percentage of transactions delivered through electronic channels has increased to 70% of lenders using electronic discharges service and over 85% of preliminary services being delivered through the Land Registry Portal.
590 _aKA
651 4 _aEngland and Wales
_y1543-
690 _aPROPERTY
856 4 0 _uhttps://www.landreg.gov.uk/upload/documents/Annual_Report_1011.pdf
_zView the report free of charge at www.landreg.gov.uk
942 _n0
999 _c112467
_d112467